حقوق الملكية الفكرية و أثرها علي إقتصاديات الثقافة و الإتصال و الإعلام / (Record no. 63194)
[ view plain ]
| 000 -LEADER | |
|---|---|
| fixed length control field | 01145nam a2200313 i 4500 |
| 003 - CONTROL NUMBER IDENTIFIER | |
| control field | EG-GICUC |
| 005 - DATE AND TIME OF LATEST TRANSACTION | |
| control field | 20260221191243.0 |
| 008 - FIXED-LENGTH DATA ELEMENTS--GENERAL INFORMATION | |
| fixed length control field | 260216s2002 ua ||||fr ||| 00| 0 ara d |
| 017 ## - COPYRIGHT OR LEGAL DEPOSIT NUMBER | |
| Copyright or legal deposit number | 2002/20312 |
| 020 ## - INTERNATIONAL STANDARD BOOK NUMBER | |
| International Standard Book Number | 9770183083 |
| 040 ## - CATALOGING SOURCE | |
| Original cataloging agency | EG-GICUC |
| Transcribing agency | EG-GICUC |
| Modifying agency | EG-GICUC |
| Description conventions | rda |
| Language of cataloging | ara |
| 041 0# - LANGUAGE CODE | |
| Language code of text/sound track or separate title | ara |
| 082 04 - DEWEY DECIMAL CLASSIFICATION NUMBER | |
| Edition number | 21 |
| Classification number | 341.76 |
| Item number | ن ا . ح |
| 092 04 - LOCALLY ASSIGNED DEWEY CALL NUMBER (OCLC) | |
| Edition number | 21 |
| 099 ## - LOCAL FREE-TEXT CALL NUMBER (OCLC) | |
| Classification number | Law1 11 341.76 ن ا . ح 2002 |
| 100 0# - MAIN ENTRY--PERSONAL NAME | |
| Personal name | ناصر جلال |
| Relator term | مؤلف. |
| 245 12 - TITLE STATEMENT | |
| Title | حقوق الملكية الفكرية و أثرها علي إقتصاديات الثقافة و الإتصال و الإعلام / |
| Statement of responsibility, etc. | ناصر جلال . |
| 264 #0 - PRODUCTION, PUBLICATION, DISTRIBUTION, MANUFACTURE, AND COPYRIGHT NOTICE | |
| Place of production, publication, distribution, manufacture | مصر : |
| Name of producer, publisher, distributor, manufacturer | الهيئة المصرية العامة للكتاب , |
| Date of production, publication, distribution, manufacture, or copyright notice | 2002 . |
| 300 ## - PHYSICAL DESCRIPTION | |
| Extent | 249 صفحة ؛ |
| Dimensions | 30 سم. |
| 336 ## - CONTENT TYPE | |
| Content type term | text |
| Source | rda content |
| 337 ## - MEDIA TYPE | |
| Media type term | Computer |
| Source | rda media |
| 338 ## - CARRIER TYPE | |
| Carrier type term | Online Resource |
| Source | rda carrier |
| 546 ## - LANGUAGE NOTE | |
| Language note | النص باللغة العربية |
| 650 04 - SUBJECT ADDED ENTRY--TOPICAL TERM | |
| Topical term or geographic name entry element | القانون الدولي العام |
| 650 04 - SUBJECT ADDED ENTRY--TOPICAL TERM | |
| Topical term or geographic name entry element | العلاقات الثقافية الدولية |
| 856 ## - ELECTRONIC LOCATION AND ACCESS | |
| Uniform Resource Identifier | <a href="https://fll.law.cu.edu.eg/fulltext/th/B11-07703.pdf">https://fll.law.cu.edu.eg/fulltext/th/B11-07703.pdf</a> |
| 905 ## - Cataloger and Reviser Names | |
| Cataloger Name: | Logain Ashraf |
| 942 ## - ADDED ENTRY ELEMENTS (KOHA) | |
| Source of classification or shelving scheme | Dewey Decimal Classification |
| Koha item type | Books |
| Edition | 21 |
| Suppress in OPAC | No |
| Withdrawn status | Lost status | Source of classification or shelving scheme | Damaged status | Not for loan | Collection | Home library | Current library | Date acquired | Total checkouts | Full call number | Barcode | Date last seen | Copy number | Price effective from | Koha item type |
|---|---|---|---|---|---|---|---|---|---|---|---|---|---|---|---|
| Dewey Decimal Classification | Not for loan | القانون الدولي العام | جــــامعة القــاهرة | مكتبة كلية الحقوق - المبنى الرئيسي | 16.02.2026 | Law1 11 341.76 ن ا . ح 1107703 2002 C1 | B11-07703 | 16.02.2026 | 1 | 16.02.2026 | Books |